• 首页
  • 本馆介绍
  • 公告通知
  • 最新文献
  • 馆藏检索
  • 电子资源
  • 读者导购
  • 参考咨询
  • 我的图书馆
  • 登录
  • 详细信息显示
  • 放入我的书架
  • 预约/预借图书
  • 作者相关作品
  • 分类相关作品
  • 丛书相关作品
  • 出版社相关作品

书目信息

  • 表格格式
  • 工作单格式
  • 卡片格式
书名: chrysanthemum and sword
作者: reth benedict.
分册号:
分册名:
出版地:
 
出版社:
出版时间:
页数: 307 p. ;
开本: 20cm.
丛书名:
中图分类号:
科图分类号:
其他分类号: G131.32
主题词:
电子资源:
000 00301nam 2200121 a 4500
001 E1253243178
005 20120419144855.21
008 120419s 00010 eng
040    @aPFT@beng
090    @aG131.32
099    @dG131.32@e19
245    @achrysanthemum and sword / @creth benedict.
300    @a307 p. ;@c20cm.
    
    chrysanthemum and sword / / reth benedict.
    307 p. ; ; 20cm.
    
    
    ISBN
    
●
相关链接 在E读中查询图书 在五车中查询图书 在当当中查询图书 在豆瓣中查询图书


正题名:chrysanthemum and sword     索取号:G131.32/x19         预约/预借

序号 登录号 条形码 馆藏地/架位号 状态 备注
1 17864   300178643   第二样本阅览室/ [索取号:G131.32/x19] 在馆    
2 17865   300178652   第四借阅区/ [索取号:G131.32/x19] 在馆    
3 17866   300178661   第四借阅区/ [索取号:G131.32/x19] 在馆    
4 17867   300178670   第四借阅区/ [索取号:G131.32/x19] 在馆    
5 17868   300178689   第四借阅区/ [索取号:G131.32/x19] 在馆    
6 17869   300178698   第四借阅区/ [索取号:G131.32/x19] 在馆    
唐山师范学院图书馆 欢迎您!
大连网信软件有限公司© 版权所有